000
00337nam a22001457a 4500
020
_a
722072813
082
_a
235.2 PEE
100
_a
Peers, E. Allison
245
_a
The Complete Works Of St Teresa
250
_a
Vol- 2
260
_a
London
_b
Sheed And Ward
_c
1972
300
_a
420 P
650
_a
Saints - Christianity
942
_c
BK
999
_c
19781
_d
19781